| 000 | 00375 a2200133 4500 | ||
|---|---|---|---|
| 001 | 88090 | ||
| 082 | _aPR 329 | ||
| 090 |
_c41501 _d41501 |
||
| 100 | _aBabar Zaheer, 6272 | ||
| 245 | _aTo carry out CFD analysis on fluent software of a tactical missile | ||
| 260 |
_aRisalpur _bNUST Risalpur _c2004 |
||
| 300 |
_aix, 76p. _eHossein Raza Hamdani |
||
| 500 | _aBE Project Reports | ||
| 942 |
_aCAE NUST _kPR 329 |
||
| 999 |
_c323163 _d323163 |
||